Je to město v Česku? - Statistics

General Stats
  • This quiz has been taken 304 times
  • The average score is 10 of 32
Answers on the Grid
Answers color-coded by a green-red scale on the quiz's grid according to % correct below.
Trhový Štěpánov
Hluk
Hořovice
Žebrák
Buštěhrad
Slaný
Kouřim
Zásmuky
Uhlířské Janovice
Veltrusy
Kosmonosy
Odolena Voda
Mníšek pod Brdy
Trhové Sviny
Větřní
Kardašova Řečice
Vlachovo Březí
Sezimovo Ústí
Hostouň
Kdyně
Spálené Poříčí
Město Touškov
Úterý
Radnice
Stříbro
Chyše
Nové Sedlo
Výsluní
Postoloprty
Železnice
Králíky
Napajedla
Barlinek
Chojnice
Dukla
Frampol
Gogolin
Hel
Kielce
Lubsko
Nisa
Opolí
Prudník
Rybnik
Babinec
Bajka
Banka
Čachtice
Davidov
Bernov
Cáchy
Drážďany
Korutany
Dolinka
Kostnice
Linec
Postupim
Řezno
Šmalkaldy
Žitava
Husák
Iňa
Holubivka
Kerč
 
Answer Stats
Answer % Correct
v okrese Zlín Napajedla
48%
v okrese Kladno Slaný
46%
v okrese Praha-západ Mníšek pod Brdy
44%
v okrese Tábor Sezimovo Ústí
44%
v okrese Kolín Kouřim
43%
v okrese Beroun Hořovice
42%
v okrese Hradec Králové Králíky
41%
v okrese Mladá Boleslav Kosmonosy
39%
v okrese Louny Postoloprty
39%
v okrese Tachov Stříbro
38%
v okrese Jindřichův Hradec Kardašova Řečice
32%
v okrese Kutná Hora Uhlířské Janovice
32%
v okrese Mělník Veltrusy
32%
v okrese Kladno a Domažlice Hostouň
31%
v okrese Beroun Žebrák
31%
v okrese Domažlice Kdyně
30%
v okrese Sokolov Nové Sedlo
30%
v okrese Praha-východ Odolena Voda
29%
v okrese Kladno Buštěhrad
28%
v okrese České Budějovice Trhové Sviny
28%
v okrese Benešov Trhový Štěpánov
27%
v okrese Plzeň-jih Spálené Poříčí
26%
v okrese Plzeň-sever Úterý
25%
v okrese Český Krumlov Větřní
23%
v okrese Kolín Zásmuky
23%
v okrese Uherské Hradiště Hluk
22%
v okrese Rokycany Radnice
22%
v okrese Plzeň-sever Město Touškov
21%
v okrese Prachatice Vlachovo Březí
20%
v okrese Karlovy Vary Chyše
16%
v okrese Jičín Železnice
16%
v okrese Chomutov Výsluní
13%
No matching quizzes found
Score Distribution
Percent of People with Each Score
Percentile by Number Answered
Your Score History
You have not taken this quiz